Physics for scientists and engineers with modern physics 1
Achieve success in your physics course by making the most of what PHYSICS FOR SCIENTISTS AND ENGINEERS WITH MODERN PHYSICS has to offer. From a host of in-text features to a range of outstanding technology resources, you'll have everything you need to understand the natural forces and principle...
Shranjeno v:
| Glavni avtor: | |
|---|---|
| Format: | Knjiga |
| Jezik: | Undetermined |
| Izdano: |
Boston, MA
Brooks/Cole
2014
|
| Teme: | |
| Oznake: |
Označite
Brez oznak, prvi označite!
|
| Thư viện lưu trữ: | Trung tâm Học liệu Trường Đại học Cần Thơ |
|---|
| LEADER | 01075nam a2200205Ia 4500 | ||
|---|---|---|---|
| 001 | CTU_230263 | ||
| 008 | 210402s9999 xx 000 0 und d | ||
| 082 | |a 530 | ||
| 082 | |b S492 | ||
| 100 | |a Serway, Raymond A. | ||
| 245 | 0 | |a Physics for scientists and engineers with modern physics 1 | |
| 245 | 0 | |c Raymond A. Serway, John W. Jewett | |
| 260 | |a Boston, MA | ||
| 260 | |b Brooks/Cole | ||
| 260 | |c 2014 | ||
| 520 | |a Achieve success in your physics course by making the most of what PHYSICS FOR SCIENTISTS AND ENGINEERS WITH MODERN PHYSICS has to offer. From a host of in-text features to a range of outstanding technology resources, you'll have everything you need to understand the natural forces and principles of physics. Throughout every chapter, the authors have built in a wide range of examples, exercises, and illustrations that will help you understand the laws of physics AND succeed in your course! | ||
| 650 | |a Vật lý,Physics | ||
| 650 | |x Giáo trình,Textbooks | ||
| 910 | |b nthai | ||
| 980 | |a Trung tâm Học liệu Trường Đại học Cần Thơ | ||